| 000 | 00608nam a22002177a 4500 | ||
|---|---|---|---|
| 003 | OSt | ||
| 005 | 20140310181930.0 | ||
| 008 | 130722t xxu||||| |||| 00| 0 eng d | ||
| 050 |
_aPN 511 _b.F716 2009 |
||
| 082 |
_aTR 372.4 _bF716 201 |
||
| 245 |
_aReader's and Writer's Notebook _c Scott Foresman. |
||
| 260 |
_aUnited States : _bPearson Education, _cc201?. |
||
| 300 |
_a453 p. : _bill. ; _c28 cm. |
||
| 521 | _aFaculty. | ||
| 541 |
_i2 _j1 |
||
| 541 |
_i1 _j1 |
||
| 562 | _e1 | ||
| 650 |
_aReading _9902 |
||
| 650 |
_aReading _xStudy and teaching _92633 |
||
| 942 |
_2lcc _cBK-TR _kTRE |
||
| 999 |
_c7318 _d7318 |
||